00427nam a2200133Ia 4500008004100000024003600041082001900077100004600096245004100142260002600183600003400209650003300243999001700276260210s9999 xx 000 0 und d a07A-001-TE & 07A-004-TE a621.367072 AFZ aMuhammad Fayyaz Afzal & Meer Muhammad 0aImage Processing On Satellite Images aKarachi:bUITU,c2007 aTelecommunication Engineering aBachelor of Engineering (BE) c33562d33562